书目信息 |
| 题名: |
建筑设计手法
|
|
| 作者: | 沈福煦 著 | |
| 分册: | ||
| 出版信息: | 上海 同济大学出版社 1999.01 |
|
| 页数: | 159页 | |
| 开本: | 16开 | |
| 丛书名: | ||
| 单 册: | ||
| 中图分类: | ||
| 科图分类: | ||
| 主题词: | 建筑设计 | |
| 电子资源: | ||
| ISBN: | 7-5608-1994-X | |
| 000 | 00548nam0 2200205 45 | |
| 001 | 9909141783 | |
| 005 | 20000915103322.0 | |
| 010 | @a7-5608-1994-X@d20.00元 | |
| 100 | @a19990914d1999 km y0chiy0120 ea | |
| 101 | @achi | |
| 105 | @a z 000yy | |
| 200 | 1 | @a建筑设计手法@AJian Zhu She Ji Shou Fa@f沈福煦著@FShen Fu Xu Zhu |
| 210 | @a上海@c同济大学出版社@d1999.01 | |
| 215 | @a159页@d16开 | |
| 606 | 0 | @a建筑设计 |
| 690 | @v3 | |
| 690 | @aTU2@v3 | |
| 701 | @a沈福煦@4著 | |
| 801 | @aCN@bPFTUser@c19990914 | |
| 905 | @dTU2@eSH886@b143367-376@f10 | |
| 建筑设计手法/沈福煦著.-上海:同济大学出版社,1999.01 |
| 159页;16开 |
| ISBN 7-5608-1994-X:20.00元 |
| ● |
| 相关链接 |
|
|
|
正题名:建筑设计手法
索取号:TU2/SH886
 
预约/预借
| 序号 | 登录号 | 条形码 | 馆藏地/架位号 | 状态 | 备注 |
| 1 | 143367 | 201433671 | 建筑库101/101建筑库 30排4列2层/ [索取号:TU2/SH886] | 在馆 | |
| 2 | 143368 | 201433680 | 自科二线404/404自科库 21排5列4层/ [索取号:TU2/SH886] | 在馆 | |
| 3 | 143369 | 201433699 | 建筑库101/101建筑库 30排4列2层/ [索取号:TU2/SH886] | 在馆 | |
| 4 | 143370 | 201433706 | 建筑库101/101建筑库 30排4列2层/ [索取号:TU2/SH886] | 在馆 | |
| 5 | 143371 | 201433715 | 建筑库101/ [索取号:TU2/SH886] | 在馆 | |
| 6 | 143372 | 201433724 | 自科二线404/404自科库 21排5列5层/ [索取号:TU2/SH886] | 在馆 | |
| 7 | 143373 | 201433733 | 自科二线404/404自科库 21排5列5层/ [索取号:TU2/SH886] | 在馆 | |
| 8 | 143374 | 201433742 | 建筑与城市规划学院资料室/ [索取号:TU2/SH886] | 在馆 | |
| 9 | 143375 | 201433751 | 自科二线404/404自科库 21排5列5层/ [索取号:TU2/SH886] | 在馆 | |
| 10 | 143376 | 201433760 | 建筑库101/101建筑库 30排4列2层/ [索取号:TU2/SH886] | 在馆 | |
| 11 | 152680 | 201526802 | 自科二线404/404自科库 21排5列5层/ [索取号:TU2/SH886] | 在馆 | |
| 12 | 153047 | 201530478 | 自科二线404/404自科库 21排5列5层/ [索取号:TU2/SH886] | 在馆 | |
| 13 | 153048 | 201530487 | 建筑库101/101建筑库 30排4列2层/ [索取号:TU2/SH886] | 在馆 | |
| 14 | 153049 | 201530496 | 建筑库101/101建筑库 30排4列2层/ [索取号:TU2/SH886] | 在馆 | |
| 15 | 153050 | 201530502 | 自科二线404/404自科库 21排5列4层/ [索取号:TU2/SH886] | 在馆 | |
| 16 | 206623 | 202066236 | 建筑库101/101建筑库 30排4列2层/ [索取号:TU2/SH886] | 在馆 | |
| 17 | 206624 | 202066245 | 建筑库101/404自科库 21排5列5层/ [索取号:TU2/SH886] | 在馆 | |
| 18 | 404527 | 204045274 | 建筑库101/101建筑库 30排4列2层/ [索取号:TU2/SH886] | 在馆 | |
| 19 | 404528 | 204045283 | 建筑库101/ [索取号:TU2/SH886] | 在馆 | |
| 20 | 404529 | 204045292 | 建筑库101/101建筑库 30排1列5层/ [索取号:TU2/SH886] | 在馆 | |
| 21 | 404530 | 204045309 | 自科二线404/404自科库 21排5列5层/ [索取号:TU2/SH886] | 在馆 | |
| 22 | 404531 | 204045318 | 建筑库101/ [索取号:TU2/SH886] | 在馆 | |
| 23 | 40469 | 200404696 | 建筑库101/404自科库 21排5列5层/ [索取号:TU2/SH886] | 在馆 | |
| 24 | 40470 | 200404703 | 建筑库101/101建筑库 30排4列2层/ [索取号:TU2/SH886] | 在馆 | |
| 25 | 412550 | 204125507 | 建筑库101/ [索取号:TU2/SH886] | 在馆 | |
| 26 | 412551 | 204125516 | 建筑库101/101建筑库 30排4列2层/ [索取号:TU2/SH886] | 在馆 | |
| 27 | 41937 | 200419378 | 自科二线404/404自科库 21排5列4层/ [索取号:TU2/SH886] | 在馆 | |
| 28 | 41938 | 200419387 | 建筑库101/404自科库 21排5列5层/ [索取号:TU2/SH886] | 在馆 | |
| 29 | 41939 | 200419396 | 自科二线404/404自科库 21排5列5层/ [索取号:TU2/SH886] | 在馆 | |
| 30 | 41940 | 200419403 | 自科二线404/404自科库 21排5列4层/ [索取号:TU2/SH886] | 在馆 | |
| 31 | 41941 | 200419412 | 建筑库101/ [索取号:TU2/SH886] | 在馆 | |
| 32 | 46836 | 200468369 | 自科二线404/404自科库 21排5列5层/ [索取号:TU2/SH886] | 在馆 | |
| 33 | 63665 | 200636650 | 自科二线404/404自科库 21排5列5层/ [索取号:TU2/SH886] | 在馆 |